Engineering Drawing Vol 2 (Record no. 526)

MARC details
000 -LEADER
fixed length control field 00280nam a22001337a 4500
041 ## - LANGUAGE CODE
Language code of text/sound track or separate title ENG
100 ## - MAIN ENTRY--PERSONAL NAME
Personal name Aggarwal .M.L
245 ## - TITLE STATEMENT
Title Engineering Drawing Vol 2
260 ## - PUBLICATION, DISTRIBUTION, ETC. (IMPRINT)
Place of publication, distribution, etc Pune
Name of publisher, distributor, etc Dhanpat Rai & Co
Date of publication, distribution, etc 1999
300 ## - PHYSICAL DESCRIPTION
Extent 320
650 ## - SUBJECT ADDED ENTRY--TOPICAL TERM
Topical term or geographic name as entry element FMP
700 ## - ADDED ENTRY--PERSONAL NAME
Personal name Garg .R.K
856 ## - ELECTRONIC LOCATION AND ACCESS
Uniform Resource Identifier FMP
Holdings
Withdrawn status Lost status Source of classification or shelving scheme Damaged status Not for loan Home library Current library Shelving location Date acquired Total Checkouts Barcode Date last seen Price effective from Koha item type
    Dewey Decimal Classification     College of Agricultural Engineering and Technology, Dapoli , Library College of Agricultural Engineering and Technology, Dapoli , Library Book Cart 30/08/2021   001005 30/08/2021 30/08/2021 Books

Contact Us: College of Agricultural Engineering and Technology, Dapoli, Dist.- Ratnagiri
Website: https://dbskkv.org Email: caetlibrary2015@gmail.com